[Event "DEM U12w 2021"]
[Site "Willingen GER"]
[Date "2021.08.23"]
[Round "2"]
[White "Abram, Kristina-Maria"]
[Black "Zhou, Jenny"]
[Result "0-1"]
[Termination "normal"]
[Board "18"]
[WhiteElo "1009"]
[BlackElo "1268"]
[WhiteClock "01:18:07"]
[BlackClock "01:15:05"]
[PlyCount "50"]
[WhiteFideId "16298349"]
[BlackFideId "16280229"]
[EventCountry "GER"]
[EventRounds "9"]
[EventType "swiss"]
[EventDate "2021.08.22"]

1. e4 {[%clk 1:30:55]} e5 {[%clk 1:30:49]} 2. Bc4 {[%clk 1:31:16]} Nf6 {[%clk
1:31:03]} 3. d3 {[%clk 1:31:24]} c6 {[%clk 1:31:11]} 4. Nf3 {[%clk 1:30:31]} d5
{[%clk 1:31:27]} 5. exd5 {[%clk 1:30:44]} cxd5 {[%clk 1:31:49]} 6. Bb5+ {[%clk
1:30:59]} Bd7 {[%clk 1:32:01]} 7. c4 {[%clk 1:29:49]} Bxb5 {[%clk 1:30:42]} 8.
cxb5 {[%clk 1:29:48]} Qa5+ {[%clk 1:30:34]} 9. Qd2 {[%clk 1:29:21]} Qxb5 {[%clk
1:30:19]} 10. Nxe5 {[%clk 1:28:50]} Bb4 {[%clk 1:30:03]} 11. Nc3 {[%clk
1:28:58]} Bxc3 {[%clk 1:29:16]} 12. Qxc3 {[%clk 1:29:06]} O-O {[%clk 1:29:32]}
13. O-O {[%clk 1:29:04]} Rd8 {[%clk 1:29:03]} 14. Qc7 {[%clk 1:28:48]} Rf8
{[%clk 1:27:48]} 15. Bg5 {[%clk 1:27:42]} Nbd7 {[%clk 1:26:52]} 16. Nxd7 {[%clk
1:26:25]} Nxd7 {[%clk 1:27:07]} 17. Qg3 {[%clk 1:26:16]} Qxb2 {[%clk 1:24:07]}
18. Rab1 {[%clk 1:25:56]} Qd4 {[%clk 1:22:49]} 19. Rxb7 {[%clk 1:25:57]} Ne5
{[%clk 1:22:09]} 20. Bh6 {[%clk 1:25:48]} Ng6 {[%clk 1:22:04]} 21. Be3 {[%clk
1:24:02]} Qxd3 {[%clk 1:21:56]} 22. Bxa7 {[%clk 1:23:11]} Qa6 {[%clk 1:21:03]}
23. Qc7 {[%clk 1:20:52]} Qxa2 {[%clk 1:16:30]} 24. Rfb1 {[%clk 1:20:07]} Rxa7
{[%clk 1:15:13]} 25. R1b2 {[%clk 1:18:07]} Qxb2 {[%clk 1:15:05]} 0-1

[Event "DEM U12w 2021"]
[Site "Willingen GER"]
[Date "2021.08.23"]
[Round "2"]
[White "Niederdorfer, Mathilda"]
[Black "Kopylov, Diana"]
[Result "0-1"]
[Termination "normal"]
[Board "19"]
[WhiteElo "1264"]
[BlackElo "1007"]
[WhiteClock "01:21:26"]
[BlackClock "00:38:58"]
[PlyCount "88"]
[WhiteFideId "16275845"]
[BlackFideId "16268865"]
[EventCountry "GER"]
[EventRounds "9"]
[EventType "swiss"]
[EventDate "2021.08.22"]

1. c4 {[%clk 1:30:58]} c5 {[%clk 1:29:42]} 2. Nc3 {[%clk 1:31:22]} Nf6 {[%clk
1:29:32]} 3. g3 {[%clk 1:31:31]} g6 {[%clk 1:29:32]} 4. Bg2 {[%clk 1:31:51]}
Bg7 {[%clk 1:29:40]} 5. Nf3 {[%clk 1:32:10]} Nc6 {[%clk 1:29:32]} 6. O-O {[%clk
1:31:44]} O-O {[%clk 1:29:46]} 7. d4 {[%clk 1:31:56]} cxd4 {[%clk 1:29:33]} 8.
Nxd4 {[%clk 1:32:18]} a6 {[%clk 1:20:31]} 9. Be3 {[%clk 1:30:52]} Qc7 {[%clk
1:19:28]} 10. Qd2 {[%clk 1:29:49]} d6 {[%clk 1:17:56]} 11. Bh6 {[%clk 1:29:19]}
Bd7 {[%clk 1:17:49]} 12. h3 {[%clk 1:27:21]} Rac8 {[%clk 1:16:40]} 13. Nxc6
{[%clk 1:27:19]} Bxc6 {[%clk 1:16:20]} 14. Nd5 {[%clk 1:25:54]} Bxd5 {[%clk
1:11:24]} 15. Bxd5 {[%clk 1:24:26]} Nxd5 {[%clk 1:10:39]} 16. cxd5 {[%clk
1:24:40]} Qc2 {[%clk 1:10:05]} 17. Qe3 {[%clk 1:23:54]} Qxb2 {[%clk 1:06:20]}
18. Bxg7 {[%clk 1:23:49]} Kxg7 {[%clk 1:04:08]} 19. Qxe7 {[%clk 1:23:49]} Rfe8
{[%clk 1:03:43]} 20. Qxd6 {[%clk 1:23:26]} Rxe2 {[%clk 1:03:33]} 21. Rfb1
{[%clk 1:23:39]} Qd4 {[%clk 1:02:51]} 22. Rf1 {[%clk 1:23:22]} Rcc2 {[%clk
1:00:58]} 23. Qf4 {[%clk 1:21:49]} Qxd5 {[%clk 0:57:18]} 24. Rad1 {[%clk
1:20:44]} Qe6 {[%clk 0:55:49]} 25. Qd4+ {[%clk 1:20:45]} Kh6 {[%clk 0:52:07]}
26. Qh4+ {[%clk 1:21:06]} Kg7 {[%clk 0:52:20]} 27. Qd4+ {[%clk 1:21:30]} Qf6
{[%clk 0:52:23]} 28. Qxf6+ {[%clk 1:21:42]} Kxf6 {[%clk 0:52:47]} 29. a3 {[%clk
1:21:49]} Ra2 {[%clk 0:52:42]} 30. Ra1 {[%clk 1:22:00]} h5 {[%clk 0:49:24]} 31.
Kg2 {[%clk 1:21:45]} Kg5 {[%clk 0:47:08]} 32. Kf3 {[%clk 1:21:50]} Rxf2+ {[%clk
0:46:48]} 33. Rxf2 {[%clk 1:21:56]} Rxa1 {[%clk 0:47:09]} 34. h4+ {[%clk
1:22:16]} Kf5 {[%clk 0:46:31]} 35. g4+ {[%clk 1:21:01]} hxg4+ {[%clk 0:44:50]}
36. Kg3+ {[%clk 1:21:25]} Ke6 {[%clk 0:45:05]} 37. Kxg4 {[%clk 1:21:46]} Rxa3
{[%clk 0:45:04]} 38. Kg5 {[%clk 1:21:57]} Ke7 {[%clk 0:42:09]} 39. Rd2 {[%clk
1:21:21]} Rf3 {[%clk 0:40:43]} 40. Re2+ {[%clk 1:20:59]} Kf8 {[%clk 0:40:05]}
41. Rb2 {[%clk 1:20:31]} Rf5+ {[%clk 0:39:06]} 42. Kg4 {[%clk 1:20:47]} b5
{[%clk 0:38:54]} 43. Ra2 {[%clk 1:21:03]} Rf6 {[%clk 0:39:00]} 44. Kg5 {[%clk
1:21:26]} Rb6 {[%clk 0:38:58]} 0-1

[Event "DEM U12w 2021"]
[Site "Willingen GER"]
[Date "2021.08.23"]
[Round "2"]
[White "Terekhin, Maria"]
[Black "Hesse, Sariana"]
[Result "0-1"]
[Termination "normal"]
[Board "20"]
[WhiteElo "1030"]
[BlackElo "997"]
[WhiteClock "00:47:38"]
[BlackClock "00:58:07"]
[PlyCount "102"]
[WhiteFideId "16277422"]
[BlackFideId "34605843"]
[EventCountry "GER"]
[EventRounds "9"]
[EventType "swiss"]
[EventDate "2021.08.22"]

1. e4 {[%clk 1:30:59]} e5 {[%clk 1:30:56]} 2. Nf3 {[%clk 1:31:25]} Nc6 {[%clk
1:31:16]} 3. Bb5 {[%clk 1:31:43]} a6 {[%clk 1:31:33]} 4. Ba4 {[%clk 1:32:08]}
Nf6 {[%clk 1:31:12]} 5. O-O {[%clk 1:32:17]} Be7 {[%clk 1:31:21]} 6. Re1 {[%clk
1:32:34]} O-O {[%clk 1:31:24]} 7. c3 {[%clk 1:32:37]} b5 {[%clk 1:30:49]} 8.
Bc2 {[%clk 1:32:48]} d6 {[%clk 1:29:51]} 9. h3 {[%clk 1:33:03]} Bd7 {[%clk
1:28:58]} 10. d4 {[%clk 1:32:29]} Qc8 {[%clk 1:28:40]} 11. d5 {[%clk 1:29:06]}
Bxh3 {[%clk 1:28:14]} 12. gxh3 {[%clk 1:29:28]} Qxh3 {[%clk 1:25:55]} 13. Ng5
{[%clk 1:28:35]} Qh4 {[%clk 1:25:16]} 14. dxc6 {[%clk 1:25:55]} Ng4 {[%clk
1:24:37]} 15. Qf3 {[%clk 1:18:12]} Bxg5 {[%clk 1:23:16]} 16. Bxg5 {[%clk
1:18:20]} Qxg5 {[%clk 1:23:11]} 17. Qg3 {[%clk 1:16:23]} h5 {[%clk 1:17:46]}
18. f3 {[%clk 1:15:38]} h4 {[%clk 1:16:36]} 19. Qh3 {[%clk 1:15:52]} Ne3+
{[%clk 1:15:48]} 20. Kf2 {[%clk 1:13:19]} Nxc2 {[%clk 1:15:11]} 21. Qg4 {[%clk
1:10:36]} Qxg4 {[%clk 1:14:38]} 22. fxg4 {[%clk 1:10:40]} Nxe1 {[%clk 1:14:29]}
23. Kxe1 {[%clk 1:10:36]} Kh7 {[%clk 1:14:31]} 24. Kf2 {[%clk 1:10:51]} Rh8
{[%clk 1:14:48]} 25. Kg2 {[%clk 1:11:01]} Kg6 {[%clk 1:14:57]} 26. Kh3 {[%clk
1:11:26]} Kg5 {[%clk 1:14:47]} 27. Nd2 {[%clk 1:11:40]} Kf4 {[%clk 1:14:11]}
28. Rf1+ {[%clk 1:11:24]} Ke3 {[%clk 1:14:02]} 29. Nf3 {[%clk 1:10:15]} Ke2
{[%clk 1:11:44]} 30. Nh2 {[%clk 1:10:02]} Raf8 {[%clk 1:11:19]} 31. Rf5 {[%clk
1:07:58]} g6 {[%clk 1:10:30]} 32. Rf6 {[%clk 1:08:17]} d5 {[%clk 1:09:48]} 33.
exd5 {[%clk 1:08:08]} e4 {[%clk 1:09:29]} 34. d6 {[%clk 1:08:08]} cxd6 {[%clk
1:08:52]} 35. c7 {[%clk 1:08:23]} e3 {[%clk 1:08:32]} 36. Nf3 {[%clk 1:06:24]}
Kd1 {[%clk 1:05:27]} 37. Rxd6+ {[%clk 1:05:56]} Ke2 {[%clk 1:05:04]} 38. Rf6
{[%clk 1:06:08]} Kd3 39. Rd6+ {[%clk 1:04:48]} Ke4 {[%clk 1:04:12]} 40. Nd4
{[%clk 1:00:44]} f5 {[%clk 1:02:19]} 41. Rxg6 {[%clk 0:54:52]} Rfg8 {[%clk
1:02:02]} 42. gxf5 {[%clk 0:53:41]} Kd3 {[%clk 1:00:28]} 43. Nf3 {[%clk
0:51:03]} e2 {[%clk 0:59:40]} 44. Rxg8 {[%clk 0:50:20]} Rxg8 {[%clk 0:59:50]}
45. Kxh4 {[%clk 0:50:17]} Rc8 {[%clk 0:59:41]} 46. f6 {[%clk 0:49:26]} Rxc7
{[%clk 0:59:56]} 47. Kg5 {[%clk 0:49:35]} Ke3 {[%clk 0:58:42]} 48. Ne1 {[%clk
0:49:36]} Rd7 {[%clk 0:58:11]} 49. Kg6 {[%clk 0:49:16]} Kf2 {[%clk 0:57:56]}
50. f7 {[%clk 0:48:31]} Rxf7 {[%clk 0:57:44]} 51. Kxf7 {[%clk 0:47:38]} Kxe1
{[%clk 0:58:07]} 0-1

[Event "DEM U12w 2021"]
[Site "Willingen GER"]
[Date "2021.08.24"]
[Round "3"]
[White "Wartenberg, Alissa"]
[Black "Trunz, Tamila"]
[Result "1-0"]
[Termination "normal"]
[Board "1"]
[WhiteElo "1562"]
[BlackElo "1353"]
[WhiteClock "00:42:04"]
[BlackClock "00:13:49"]
[PlyCount "109"]
[WhiteFideId "16280741"]
[BlackFideId "16267885"]
[EventCountry "GER"]
[EventRounds "9"]
[EventType "swiss"]
[EventDate "2021.08.22"]

1. e4 {[%clk 1:30:58]} e5 {[%clk 1:30:49]} 2. Nf3 {[%clk 1:31:23]} Nc6 {[%clk
1:31:00]} 3. Nc3 {[%clk 1:31:47]} Nf6 {[%clk 1:31:00]} 4. d4 {[%clk 1:32:12]}
exd4 {[%clk 1:31:13]} 5. Nxd4 {[%clk 1:32:36]} Bb4 {[%clk 1:30:52]} 6. Nxc6
{[%clk 1:33:02]} bxc6 {[%clk 1:31:04]} 7. Bd3 {[%clk 1:33:22]} d5 {[%clk
1:30:34]} 8. exd5 {[%clk 1:33:11]} cxd5 {[%clk 1:30:33]} 9. O-O {[%clk
1:33:29]} O-O {[%clk 1:30:08]} 10. h3 {[%clk 1:33:07]} Be6 {[%clk 1:23:50]} 11.
Qf3 {[%clk 1:31:32]} c5 {[%clk 1:17:01]} 12. Rd1 {[%clk 1:29:20]} h6 {[%clk
1:08:26]} 13. Bf4 a6 14. a3 {[%clk 1:27:30]} Ba5 {[%clk 1:03:52]} 15. Bf1
{[%clk 1:20:50]} Bc7 {[%clk 0:56:29]} 16. Bxc7 {[%clk 1:07:32]} Qxc7 {[%clk
0:56:39]} 17. Ne2 {[%clk 1:00:17]} Rfd8 {[%clk 0:49:26]} 18. Nf4 {[%clk
0:59:15]} Rab8 {[%clk 0:45:56]} 19. b3 {[%clk 0:56:24]} a5 {[%clk 0:43:31]} 20.
Qg3 {[%clk 0:48:36]} Rd7 {[%clk 0:29:54]} 21. Qe3 {[%clk 0:36:55]} Re7 {[%clk
0:27:26]} 22. Qd2 {[%clk 0:28:26]} d4 {[%clk 0:23:09]} 23. Re1 {[%clk 0:21:48]}
Bf5 {[%clk 0:19:47]} 24. Bd3 {[%clk 0:19:01]} Bxd3 {[%clk 0:19:17]} 25. Nxd3
{[%clk 0:17:39]} Rbe8 {[%clk 0:18:58]} 26. Rxe7 {[%clk 0:15:28]} Rxe7 {[%clk
0:19:26]} 27. Re1 {[%clk 0:15:44]} Rxe1+ {[%clk 0:16:53]} 28. Qxe1 {[%clk
0:15:55]} c4 {[%clk 0:13:47]} 29. bxc4 {[%clk 0:15:17]} Qxc4 {[%clk 0:14:14]}
30. Qxa5 {[%clk 0:15:41]} Kh8 {[%clk 0:09:06]} 31. Qc5 {[%clk 0:15:27]} Qc3
{[%clk 0:07:58]} 32. Qxc3 {[%clk 0:15:29]} dxc3 {[%clk 0:08:26]} 33. Nc1 {[%clk
0:15:51]} Kg8 {[%clk 0:08:29]} 34. Na2 {[%clk 0:16:12]} Nd5 {[%clk 0:08:37]}
35. a4 {[%clk 0:16:35]} Kf8 {[%clk 0:08:28]} 36. a5 {[%clk 0:16:58]} Ke7 {[%clk
0:07:55]} 37. a6 {[%clk 0:17:18]} Kd6 {[%clk 0:07:31]} 38. a7 {[%clk 0:17:26]}
Nb6 {[%clk 0:07:50]} 39. Nxc3 {[%clk 0:17:36]} Kc6 {[%clk 0:06:50]} 40. Ne4
{[%clk 0:17:08]} f5 {[%clk 0:06:04]} 41. Ng3 {[%clk 0:17:04]} g6 {[%clk
0:06:02]} 42. h4 {[%clk 0:16:00]} Kb7 {[%clk 0:23:42]} 43. h5 {[%clk 0:46:17]}
gxh5 {[%clk 0:23:54]} 44. Nxf5 {[%clk 0:46:43]} Kxa7 {[%clk 0:23:31]} 45. Nxh6
{[%clk 0:47:07]} Nd5 {[%clk 0:23:38]} 46. g3 {[%clk 0:47:12]} Kb6 {[%clk
0:23:29]} 47. Nf5 {[%clk 0:47:19]} Kc5 {[%clk 0:23:06]} 48. Ne3 {[%clk
0:47:33]} Nf6 {[%clk 0:23:11]} 49. Kg2 {[%clk 0:47:28]} Kd4 {[%clk 0:20:57]}
50. Kh3 {[%clk 0:47:22]} Ke4 {[%clk 0:19:21]} 51. c4 {[%clk 0:47:26]} Kf3
{[%clk 0:16:58]} 52. c5 {[%clk 0:46:33]} Ne4 {[%clk 0:15:11]} 53. c6 {[%clk
0:44:32]} Nd6 {[%clk 0:13:57]} 54. Nd1 {[%clk 0:42:04]} Ke2 {[%clk 0:13:49]}
55. c7 1-0

[Event "DEM U12w 2021"]
[Site "Willingen GER"]
[Date "2021.08.24"]
[Round "3"]
[White "Bauer, Laura Sophie"]
[Black "Sickmann, Lisa"]
[Result "0-1"]
[Termination "normal"]
[Board "2"]
[WhiteElo "1309"]
[BlackElo "1462"]
[WhiteClock "00:29:37"]
[BlackClock "00:27:45"]
[PlyCount "116"]
[WhiteFideId "16253647"]
[BlackFideId "16267818"]
[EventCountry "GER"]
[EventRounds "9"]
[EventType "swiss"]
[EventDate "2021.08.22"]

1. e4 {[%clk 1:30:59]} e5 {[%clk 1:30:55]} 2. Bc4 {[%clk 1:31:24]} Nf6 {[%clk
1:30:54]} 3. d3 {[%clk 1:31:43]} Bc5 {[%clk 1:30:11]} 4. Nf3 {[%clk 1:31:29]}
d6 {[%clk 1:30:17]} 5. h3 {[%clk 1:31:50]} h6 {[%clk 1:30:39]} 6. c3 {[%clk
1:31:49]} Nc6 {[%clk 1:30:19]} 7. O-O {[%clk 1:31:33]} O-O {[%clk 1:30:37]} 8.
Nbd2 {[%clk 1:31:16]} a6 {[%clk 1:30:58]} 9. a4 {[%clk 1:30:32]} Ba7 {[%clk
1:30:52]} 10. Re1 {[%clk 1:30:12]} Be6 {[%clk 1:29:31]} 11. Bxe6 {[%clk
1:29:19]} fxe6 {[%clk 1:29:44]} 12. Nf1 {[%clk 1:28:24]} Qd7 {[%clk 1:28:34]}
13. d4 {[%clk 1:24:05]} exd4 {[%clk 1:24:25]} 14. cxd4 {[%clk 1:21:00]} d5
{[%clk 1:12:56]} 15. Ne5 {[%clk 1:11:58]} Nxe5 {[%clk 1:07:55]} 16. dxe5 {[%clk
1:11:06]} Nh5 {[%clk 1:07:45]} 17. Be3 {[%clk 1:05:36]} Nf4 {[%clk 0:51:02]}
18. Bxa7 {[%clk 1:01:04]} Rxa7 {[%clk 0:49:11]} 19. exd5 {[%clk 0:59:00]} Qxd5
{[%clk 0:48:47]} 20. Qxd5 {[%clk 0:57:41]} Nxd5 {[%clk 0:48:54]} 21. Ne3 {[%clk
0:57:03]} Nxe3 {[%clk 0:46:41]} 22. Rxe3 {[%clk 0:57:25]} Rd8 {[%clk 0:46:58]}
23. Re2 {[%clk 0:56:23]} Raa8 {[%clk 0:46:44]} 24. Rc1 {[%clk 0:55:10]} c6
{[%clk 0:46:36]} 25. Rcc2 {[%clk 0:48:58]} Rd4 {[%clk 0:46:19]} 26. b3 {[%clk
0:48:25]} Rd3 {[%clk 0:45:43]} 27. Rb2 {[%clk 0:47:37]} Rad8 {[%clk 0:46:01]}
28. b4 {[%clk 0:45:37]} Ra3 {[%clk 0:44:43]} 29. a5 {[%clk 0:45:03]} Rd4 {[%clk
0:42:46]} 30. Red2 {[%clk 0:43:22]} Rd5 {[%clk 0:35:58]} 31. Re2 {[%clk
0:40:00]} Kf7 {[%clk 0:35:30]} 32. g3 {[%clk 0:35:57]} Kg6 {[%clk 0:34:58]} 33.
Kg2 {[%clk 0:35:24]} Kf5 {[%clk 0:34:46]} 34. f4 {[%clk 0:35:05]} Rdd3 {[%clk
0:34:53]} 35. g4+ {[%clk 0:34:27]} Kxf4 {[%clk 0:35:08]} 36. Rf2+ {[%clk
0:33:25]} Kxe5 {[%clk 0:35:09]} 37. h4 {[%clk 0:33:15]} Rg3+ {[%clk 0:34:50]}
38. Kh2 {[%clk 0:32:40]} Rxg4 {[%clk 0:34:56]} 39. Rbe2+ {[%clk 0:32:35]} Re4
{[%clk 0:35:13]} 40. Rxe4+ {[%clk 0:31:56]} Kxe4 {[%clk 0:35:34]} 41. Rg2
{[%clk 0:32:07]} c5 {[%clk 0:32:08]} 42. Rxg7 {[%clk 0:31:41]} cxb4 {[%clk
0:31:51]} 43. Rg4+ {[%clk 0:31:37]} Kf5 {[%clk 0:32:03]} 44. Rxb4 {[%clk
0:31:47]} Rxa5 {[%clk 0:32:11]} 45. Rxb7 {[%clk 0:31:42]} e5 {[%clk 0:31:51]}
46. Rh7 {[%clk 0:31:44]} Kg6 {[%clk 0:32:06]} 47. Re7 {[%clk 0:32:03]} h5
{[%clk 0:32:06]} 48. Kg3 {[%clk 0:31:49]} Ra3+ {[%clk 0:31:31]} 49. Kg2 {[%clk
0:31:57]} Kf5 {[%clk 0:31:14]} 50. Rg7 {[%clk 0:31:30]} e4 {[%clk 0:30:37]} 51.
Re7 {[%clk 0:30:15]} Kf4 {[%clk 0:30:13]} 52. Kf2 {[%clk 0:29:56]} Ra2+ {[%clk
0:29:25]} 53. Ke1 {[%clk 0:30:09]} Ke3 {[%clk 0:29:27]} 54. Kf1 {[%clk
0:30:07]} Ra5 {[%clk 0:28:11]} 55. Kg2 {[%clk 0:29:38]} Rf5 {[%clk 0:28:03]}
56. Kg3 {[%clk 0:29:38]} Rf4 {[%clk 0:27:30]} 57. Ra7 {[%clk 0:29:14]} Rg4+
{[%clk 0:27:52]} 58. Kh3 {[%clk 0:29:37]} Kf3 {[%clk 0:27:45]} 0-1

[Event "DEM U12w 2021"]
[Site "Willingen GER"]
[Date "2021.08.24"]
[Round "3"]
[White "Müller, Cosima"]
[Black "Müller, Riyanna"]
[Result "1/2-1/2"]
[Termination "normal"]
[Board "3"]
[WhiteElo "1389"]
[BlackElo "1421"]
[WhiteClock "00:45:34"]
[BlackClock "00:46:37"]
[PlyCount "53"]
[WhiteFideId "34601490"]
[BlackFideId "16287401"]
[EventCountry "GER"]
[EventRounds "9"]
[EventType "swiss"]
[EventDate "2021.08.22"]

1. e4 {[%clk 1:30:59]} c5 {[%clk 1:30:49]} 2. Nf3 {[%clk 1:31:24]} a6 {[%clk
1:30:59]} 3. d4 {[%clk 1:31:38]} cxd4 {[%clk 1:30:58]} 4. Nxd4 {[%clk 1:32:02]}
Nf6 {[%clk 1:31:03]} 5. Nc3 {[%clk 1:32:15]} e5 {[%clk 1:30:43]} 6. Nf3 {[%clk
1:23:55]} Bb4 {[%clk 1:28:51]} 7. Nxe5 {[%clk 1:12:40]} O-O {[%clk 1:27:05]} 8.
Bg5 {[%clk 1:11:28]} Re8 {[%clk 1:24:05]} 9. Qd4 {[%clk 1:09:50]} Bxc3+ {[%clk
1:19:06]} 10. bxc3 {[%clk 1:09:32]} d6 {[%clk 1:16:28]} 11. Ng4 {[%clk
1:07:28]} Bxg4 {[%clk 1:15:29]} 12. f3 {[%clk 1:06:04]} Nc6 {[%clk 1:14:35]}
13. Qd2 {[%clk 1:06:06]} Be6 {[%clk 1:14:22]} 14. Rd1 {[%clk 1:03:13]} h6
{[%clk 1:11:56]} 15. Bxf6 {[%clk 1:01:29]} Qxf6 {[%clk 1:12:18]} 16. Be2 {[%clk
1:00:42]} Bxa2 {[%clk 1:11:32]} 17. O-O {[%clk 1:00:41]} Ne5 {[%clk 1:10:49]}
18. Qxd6 {[%clk 0:58:14]} Qxd6 {[%clk 1:11:07]} 19. Rxd6 {[%clk 0:58:39]} Rac8
{[%clk 1:10:32]} 20. Rb6 {[%clk 0:57:34]} Rc7 {[%clk 1:08:33]} 21. Ra1 {[%clk
0:55:39]} Nc4 {[%clk 1:07:07]} 22. Rb4 {[%clk 0:54:57]} Nd6 {[%clk 0:58:16]}
23. Rxa2 {[%clk 0:54:22]} Rxc3 {[%clk 0:58:03]} 24. Rd4 {[%clk 0:54:09]} Rc6
{[%clk 0:52:41]} 25. c4 {[%clk 0:52:25]} Rec8 {[%clk 0:50:39]} 26. Rb2 {[%clk
0:47:02]} b6 {[%clk 0:46:37]} 27. Rc2 {[%clk 0:45:34]} 1/2-1/2

[Event "DEM U12w 2021"]
[Site "Willingen GER"]
[Date "2021.08.24"]
[Round "3"]
[White "Stasaitis, Paulina"]
[Black "Neininger, Sarah"]
[Result "1/2-1/2"]
[Termination "normal"]
[Board "4"]
[WhiteElo "1321"]
[BlackElo "1434"]
[WhiteClock "00:52:43"]
[BlackClock "00:44:30"]
[PlyCount "111"]
[WhiteFideId "34606165"]
[BlackFideId "16287410"]
[EventCountry "GER"]
[EventRounds "9"]
[EventType "swiss"]
[EventDate "2021.08.22"]

1. d4 {[%clk 1:30:58]} d5 {[%clk 1:30:53]} 2. Nf3 {[%clk 1:31:19]} c5 {[%clk
1:31:07]} 3. e3 {[%clk 1:31:34]} Nc6 {[%clk 1:31:24]} 4. b3 {[%clk 1:31:28]}
Nf6 {[%clk 1:31:38]} 5. Bd3 {[%clk 1:31:36]} Ne4 {[%clk 1:30:40]} 6. Bb2 {[%clk
1:31:02]} cxd4 {[%clk 1:30:15]} 7. Nxd4 {[%clk 1:30:19]} Qa5+ {[%clk 1:27:50]}
8. Nd2 {[%clk 1:27:10]} Nxd2 {[%clk 1:26:04]} 9. Qxd2 {[%clk 1:26:59]} Qxd2+
{[%clk 1:24:56]} 10. Kxd2 e6 11. Nxc6 {[%clk 1:21:37]} bxc6 {[%clk 1:23:41]}
12. c4 {[%clk 1:21:36]} Bb4+ {[%clk 1:22:07]} 13. Ke2 {[%clk 1:21:15]} O-O
{[%clk 1:21:05]} 14. a3 {[%clk 1:20:48]} Bd6 {[%clk 1:20:10]} 15. f4 {[%clk
1:19:13]} f6 {[%clk 1:18:18]} 16. Rhf1 {[%clk 1:18:47]} e5 {[%clk 1:18:00]} 17.
fxe5 {[%clk 1:17:42]} Bg4+ {[%clk 1:17:42]} 18. Kd2 Bxe5 {[%clk 1:17:10]} 19.
Bd4 {[%clk 1:15:42]} Rab8 {[%clk 1:15:42]} 20. cxd5 {[%clk 1:14:35]} cxd5
{[%clk 1:15:03]} 21. Rab1 {[%clk 1:12:49]} Bxh2 {[%clk 1:13:03]} 22. Bxa7
{[%clk 1:12:23]} Ra8 {[%clk 1:12:55]} 23. Bc5 {[%clk 1:12:30]} Rfc8 {[%clk
1:11:26]} 24. Rfc1 {[%clk 1:10:01]} d4 {[%clk 1:09:24]} 25. a4 {[%clk 1:08:27]}
dxe3+ {[%clk 1:08:13]} 26. Bxe3 {[%clk 1:06:22]} Be6 {[%clk 1:06:32]} 27. Rxc8+
{[%clk 1:05:27]} Rxc8 {[%clk 1:06:48]} 28. b4 {[%clk 1:05:13]} Be5 {[%clk
0:51:53]} 29. Bc5 {[%clk 0:59:30]} Rd8 {[%clk 0:49:58]} 30. Ke3 {[%clk
0:56:06]} Rxd3+ {[%clk 0:50:00]} 31. Kxd3 {[%clk 0:55:30]} Bf5+ {[%clk
0:50:22]} 32. Kc4 {[%clk 0:55:50]} Bxb1 {[%clk 0:50:39]} 33. b5 {[%clk
0:56:07]} Be4 {[%clk 0:50:33]} 34. g4 {[%clk 0:55:56]} Bb8 {[%clk 0:50:24]} 35.
a5 {[%clk 0:55:44]} f5 {[%clk 0:47:03]} 36. gxf5 {[%clk 0:55:36]} Bxf5 {[%clk
0:47:19]} 37. b6 {[%clk 0:55:54]} Bc8 {[%clk 0:47:33]} 38. Kb5 {[%clk 0:56:07]}
Bd7+ {[%clk 0:47:04]} 39. Ka6 {[%clk 0:56:00]} Bc6 {[%clk 0:47:00]} 40. b7
{[%clk 0:55:50]} h5 {[%clk 0:45:36]} 41. Ba7 {[%clk 0:55:33]} Bc7 {[%clk
0:45:54]} 42. b8=Q+ {[%clk 0:53:18]} Bxb8 {[%clk 0:46:16]} 43. Bxb8 {[%clk
0:53:42]} h4 {[%clk 0:46:40]} 44. Kb6 Be4 {[%clk 0:46:54]} 45. a6 {[%clk
0:54:02]} g5 {[%clk 0:47:08]} 46. Be5 {[%clk 0:53:31]} g4 {[%clk 0:47:04]} 47.
Kc5 {[%clk 0:52:55]} g3 {[%clk 0:47:14]} 48. Kd4 {[%clk 0:53:18]} Ba8 {[%clk
0:46:13]} 49. Ke3 Kf7 {[%clk 0:45:48]} 50. Kf4 {[%clk 0:52:05]} Ke6 {[%clk
0:44:58]} 51. Bd4 {[%clk 0:52:12]} Kd5 {[%clk 0:44:00]} 52. Bg1 {[%clk
0:52:11]} Kc4 {[%clk 0:43:40]} 53. Kg4 {[%clk 0:52:11]} Kc3 {[%clk 0:43:40]}
54. Kxh4 {[%clk 0:52:11]} g2 {[%clk 0:44:21]} 55. Kg3 {[%clk 0:52:43]} Kd2
{[%clk 0:44:30]} 56. Kh2 {[%clk 0:52:43]} 1/2-1/2

[Event "DEM U12w 2021"]
[Site "Willingen GER"]
[Date "2021.08.24"]
[Round "3"]
[White "Milman, Sophie"]
[Black "Huber, Laura"]
[Result "1/2-1/2"]
[Termination "normal"]
[Board "5"]
[WhiteElo "1024"]
[BlackElo "1265"]
[WhiteClock "00:33:56"]
[BlackClock "00:15:21"]
[PlyCount "53"]
[WhiteFideId "34608885"]
[BlackFideId "16270940"]
[EventCountry "GER"]
[EventRounds "9"]
[EventType "swiss"]
[EventDate "2021.08.22"]

1. e4 {[%clk 1:30:59]} e5 {[%clk 1:30:54]} 2. Nf3 {[%clk 1:31:22]} Nc6 {[%clk
1:31:11]} 3. d4 {[%clk 1:31:45]} exd4 {[%clk 1:31:35]} 4. Nxd4 {[%clk 1:32:07]}
Bc5 {[%clk 1:31:37]} 5. Be3 {[%clk 1:32:18]} Qf6 {[%clk 1:31:08]} 6. c3 {[%clk
1:32:25]} Nge7 {[%clk 1:29:45]} 7. Bc4 {[%clk 1:32:29]} O-O {[%clk 1:22:36]} 8.
O-O {[%clk 1:32:11]} Ne5 {[%clk 1:17:09]} 9. Bb3 {[%clk 1:25:58]} b6 {[%clk
0:47:57]} 10. f4 {[%clk 1:20:11]} N5c6 {[%clk 0:39:25]} 11. Qd2 {[%clk
1:12:39]} d6 {[%clk 0:33:22]} 12. Nb5 {[%clk 1:09:14]} Ba6 {[%clk 0:30:35]} 13.
Nxc7 {[%clk 1:05:22]} Bxf1 {[%clk 0:30:57]} 14. Nxa8 {[%clk 1:05:27]} Qxf4
{[%clk 0:30:47]} 15. Bxc5 {[%clk 1:03:48]} Qxd2 {[%clk 0:30:05]} 16. Nxd2
{[%clk 1:03:25]} dxc5 {[%clk 0:29:40]} 17. Rxf1 {[%clk 1:02:50]} Rxa8 {[%clk
0:29:50]} 18. Rxf7 {[%clk 1:00:51]} Kh8 {[%clk 0:30:05]} 19. Kf2 {[%clk
0:56:28]} h6 {[%clk 0:26:10]} 20. Kg3 {[%clk 0:52:31]} Kh7 {[%clk 0:25:16]} 21.
Kf4 {[%clk 0:50:33]} Ng6+ {[%clk 0:19:42]} 22. Ke3 {[%clk 0:44:59]} Nge5 {[%clk
0:17:48]} 23. Rf4 {[%clk 0:40:00]} Rd8 {[%clk 0:17:14]} 24. Bd5 {[%clk
0:37:43]} Ne7 {[%clk 0:16:13]} 25. Nf3 {[%clk 0:34:10]} Nxd5+ {[%clk 0:15:39]}
26. exd5 {[%clk 0:34:19]} Nxf3 {[%clk 0:15:21]} 27. Rxf3 {[%clk 0:33:56]}
1/2-1/2